Partidos políticos (Registro nro. 5557)

Detalles MARC
000 -LEADER
fixed length control field 01855 a2200217 4500
001 - CONTROL NUMBER
control field 54400
005 - DATE AND TIME OF LATEST TRANSACTION
control field 20260407155817.0
008 - FIXED-LENGTH DATA ELEMENTS--GENERAL INFORMATION
fixed length control field 260407a1983 arg spa d
003 - CONTROL NUMBER IDENTIFIER
control field AR-UNSa-BCEJYS
040 ## - CATALOGING SOURCE
Original cataloging agency AR-UNSa-BCEJYS
Language of cataloging spa
Transcribing agency AR-UNSa-BCEJYS
080 ## - UNIVERSAL DECIMAL CLASSIFICATION NUMBER
Universal Decimal Classification number 321
Common auxiliary subdivision Formas de la organización política. Los estados como poderes políticos
020 ## - INTERNATIONAL STANDARD BOOK NUMBER
International Standard Book Number 950-14-0133-2
100 1# - MAIN ENTRY--PERSONAL NAME
Personal name López, Mario Justo
245 10 - TITLE STATEMENT
Title Partidos políticos
Name of part/section of a work teoría general y régimen legal
250 ## - EDITION STATEMENT
Edition statement 4a. ed.
264 #1 - PRODUCTION, PUBLICATION, DISTRIBUTION, MANUFACTURE, AND COPYRIGHT NOTICE
Place of production, publication, distribution, manufacture Buenos Aires :
Name of producer, publisher, distributor, manufacturer Depalma
Date of production, publication, distribution, manufacture, or copyright notice 1983
300 ## - PHYSICAL DESCRIPTION
Extent 196 p.
Dimensions 23 cm.
505 ## - FORMATTED CONTENTS NOTE
Formatted contents note I. Los partidos políticos como tema de la ciencia política - II. Los partidos como hecho social constante - III. Relación genética entre los partidos políticos y el régimen democrático representativo - IV. Noción de partido político y posibilidad de una teoría general - V. Clasificaciones de los partidos políticos - VI. Funciones propias y rasgos característicos de los partidos políticos - VII. Defectos,desviaciones y desnaturalización de los partidos políticos - VIII. Temas para una teoría general de los partidos políticos: Organización y funcionamiento,dirigentes,miembros,doctrinas y programas,disciplina partidaria,luchas y colaboraciones,etc. - IX. Reglamentación legal de los partidos políticos.Principios generales - X. La reglamentación legal de los partidos políticos en la República Argentina - XI. La ley orgánica de los partidos políticos (N° 16.652) - XII. La "Revolución Argentina" frente a los partidos políticos - XIII. La Ley 19.106,el gobierno del 25 de Mayo de 1973 al 24 de Marzo de 1976,el "proceso de reorganización nacional" y los partidos políticos - XIV. La ley orgánica de los partidos políticos promulgada el 26 de Agosto de 1982 (N° 22.627)
590 ## - LOCAL NOTE (RLIN)
Local note niveau_biblio:m niveau_hierar:0
942 ## - ADDED ENTRY ELEMENTS (KOHA)
Koha item type
Existencias
Withdrawn status Lost status Damaged status Not for loan Home library Current library Shelving location Date acquired Total checkouts Full call number Barcode Date last seen Price effective from Koha item type
        Biblioteca Prof. Eusebio Cleto del Rey Biblioteca Prof. Eusebio Cleto del Rey   07/04/2026   321 L864 L45353 07/04/2026 07/04/2026 Libro
        Biblioteca Prof. Eusebio Cleto del Rey Biblioteca Prof. Eusebio Cleto del Rey   07/04/2026   321 L864 L45354 07/04/2026 07/04/2026 Libro